[Event "Saint Chély d'Aubrac Op"]
[Site "Saint Chély d'Aubrac"]
[Date "2004.07.19"]
[Round "3.17"]
[White "Rabineau, Clement"]
[Black "Chokbengboun, Thomas"]
[Result "1-0"]
[WhiteElo "2135"]
[BlackElo "1900"]
[PlyCount "102"]
[EventDate "2004.07.??"]

1. e4 c6 2. Nc3 d5 3. Nf3 dxe4 4. Nxe4 Nd7 5. Bc4 e6 6. O-O Ngf6 7. Nxf6+ Nxf6
8. d4 b5 9. Bd3 Bb7 10. Bg5 Be7 11. Qe2 O-O 12. Rfd1 h6 13. Bh4 Qd5 14. a4 Qh5
15. Bxf6 Bxf6 16. Qe4 g6 17. axb5 Qd5 18. Qxd5 cxd5 19. Ra4 Rfb8 20. Rda1 a6
21. bxa6 Bc6 22. R4a2 Ra7 23. c3 Be8 24. Kf1 Kf8 25. Ke2 Ke7 26. Kd2 Kd6 27. b4
Rb6 28. Kc2 Bd7 29. Re1 Bb5 30. Bxb5 Rxb5 31. Nd2 Kc6 32. Nb3 Rb8 33. Nc5 Be7
34. Kd3 Bd6 35. g3 Rb6 36. Rea1 Rb8 37. f4 h5 38. Ra4 h4 39. c4 dxc4+ 40. Kxc4
hxg3 41. hxg3 g5 42. fxg5 Bxg3 43. Rg1 Bh2 44. Rg2 Bf4 45. g6 e5 46. d5+ Kd6
47. Nb7+ Ke7 48. d6+ Kd7 49. gxf7 Rf8 50. Kd5 Rxf7 51. Rg8 Be3 1-0

[Event "Saint Chély d'Aubrac Op"]
[Site "Saint Chély d'Aubrac"]
[Date "2004.07.19"]
[Round "3.18"]
[White "Tatinian, William"]
[Black "Deiller, Pascal"]
[Result "1-0"]
[WhiteElo "1860"]
[BlackElo "2123"]
[PlyCount "123"]
[EventDate "2004.07.??"]

1. d4 Nf6 2. c4 c5 3. d5 b5 4. cxb5 a6 5. Nc3 g6 6. e4 d6 7. f4 Nfd7 8. Nf3 Bg7
9. Bd3 axb5 10. Bxb5 O-O 11. O-O Ba6 12. Bxa6 Nxa6 13. Qe2 Qc7 14. Nd2 Nb4 15.
Nc4 Nb6 16. Nxb6 Qxb6 17. Kh1 Qa6 18. Qxa6 Rxa6 19. a4 Rb8 20. Rf2 Nd3 21. Re2
Rb3 22. h3 Bxc3 23. bxc3 Rxc3 24. Bd2 Rc2 25. f5 Ne5 26. Rb1 Ra8 27. fxg6 hxg6
28. Rf2 Nc4 29. Be1 Rxf2 30. Bxf2 Rxa4 31. Rb7 Ne5 32. Rxe7 Rxe4 33. Re8+ Kg7
34. Rd8 Nc4 35. Bg3 Rd4 36. Bxd6 Rxd5 37. Bf8+ Kg8 38. Rxd5 Kxf8 39. Rxc5 Nd6
40. Kg1 Kg7 41. Kf1 Kf6 42. Ke2 Ke6 43. Kf3 f6 44. Rc1 Nf5 45. Re1+ Kf7 46. g4
Nd4+ 47. Ke4 Nc6 48. h4 Ne7 49. h5 f5+ 50. gxf5 gxf5+ 51. Ke5 Kg7 52. Ke6 Ng8
53. Rg1+ Kh7 54. Kxf5 Nh6+ 55. Kg5 Nf7+ 56. Kh4 Nh6 57. Ra1 Nf7 58. Ra7 Kg8 59.
Kg4 Nh6+ 60. Kg5 Nf7+ 61. Kf6 Nd6 62. Kg6 1-0

[Event "Saint Chély d'Aubrac Op"]
[Site "Saint Chély d'Aubrac"]
[Date "2004.07.19"]
[Round "3.20"]
[White "Richard, Emma"]
[Black "Birens, Eric-Andre"]
[Result "0-1"]
[WhiteElo "1810"]
[BlackElo "2105"]
[PlyCount "113"]
[EventDate "2004.07.??"]

1. d4 Nf6 2. Nf3 c5 3. c3 g6 4. Bf4 Bg7 5. e3 O-O 6. Be2 b6 7. h3 d6 8. O-O Bb7
9. Nbd2 Nbd7 10. Qc2 Rc8 11. Rad1 cxd4 12. exd4 Qc7 13. Qc1 Nd5 14. Bg3 Bh6 15.
Qb1 Nf4 16. Bd3 e5 17. dxe5 dxe5 18. Be4 Ne2+ 19. Kh1 Nxg3+ 20. fxg3 f5 21.
Bxb7 Qxb7 22. Rfe1 e4 23. Nd4 Nc5 24. N2b3 Nd3 25. Re2 Rce8 26. Nb5 Qd7 27. a3
Qxb5 28. Qa2 Qc4 29. Nc1 Qxa2 30. Nxa2 Rd8 31. Rf1 e3 32. Rf3 Nf2+ 33. Kh2 Rd1
34. g4 f4 35. g3 fxg3+ 36. Kxg3 Rg1+ 37. Kh2 Rxf3 38. Kxg1 Rg3+ 39. Kf1 Rxh3
40. Kg2 Rh1 41. Nb4 Rd1 42. Nc6 Rd2 43. Kf1 a6 44. Ne5 b5 45. Nf3 Rxe2 46. Kxe2
Nxg4 47. Nd4 Ne5 48. Nc2 Kf7 49. Nxe3 Bxe3 50. Kxe3 Nc4+ 51. Kf4 Nxb2 52. Kg5
Nd1 53. c4 bxc4 54. a4 c3 55. a5 c2 56. Kh6 Kg8 57. Kg5 0-1

[Event "Saint Chély d'Aubrac Op"]
[Site "Saint Chély d'Aubrac"]
[Date "2004.07.19"]
[Round "3.22"]
[White "Tanguy, Fabien"]
[Black "Croux, Laurent"]
[Result "1-0"]
[WhiteElo "2094"]
[BlackElo "1770"]
[PlyCount "63"]
[EventDate "2004.07.??"]

1. c4 e5 2. Nc3 Nf6 3. g3 Nc6 4. Bg2 Bb4 5. e3 O-O 6. Nge2 Re8 7. a3 Bxc3 8.
Nxc3 a5 9. O-O d6 10. Qc2 Bg4 11. b3 Qd7 12. Bb2 Bf5 13. d3 Re6 14. Nd5 Ng4 15.
f3 Nh6 16. e4 Bg6 17. Bh3 f5 18. b4 Ne7 19. d4 Nc6 20. exf5 Ree8 21. fxg6 Qxh3
22. gxh7+ Kh8 23. Nxc7 Nf5 24. Qd2 Ncxd4 25. Bxd4 Nxd4 26. Nxe8 Nb3 27. Qxd6
Rxe8 28. Rae1 Nd4 29. Rxe5 Ne2+ 30. Rxe2 Rxe2 31. Qd8+ Kxh7 32. Qd3+ 1-0

[Event "Saint Chély d'Aubrac Op"]
[Site "Saint Chély d'Aubrac"]
[Date "2004.07.19"]
[Round "3.23"]
[White "Mathis, Julien"]
[Black "Duffau, Pascal"]
[Result "1/2-1/2"]
[WhiteElo "1780"]
[BlackElo "2081"]
[PlyCount "55"]
[EventDate "2004.07.??"]

1. c4 Nf6 2. g3 c6 3. Bg2 d5 4. Nf3 Bf5 5. cxd5 cxd5 6. Qb3 Qc8 7. Nc3 e6 8. d3
Nc6 9. Bf4 Qd7 10. O-O h6 11. Rfd1 g5 12. Ne5 Qc8 13. Nxc6 gxf4 14. Ne5 fxg3
15. hxg3 Bd6 16. Qb5+ Kf8 17. Nf3 Bg4 18. Rac1 Qb8 19. Rd2 Kg7 20. Rdc2 a6 21.
Qb3 Qa7 22. Na4 Bxg3 23. e3 Bd6 24. Nb6 Rad8 25. Rc8 e5 26. Rxd8 Rxd8 27. Nxd5
Be6 28. Nh4 {(=)} 1/2-1/2

[Event "Saint Chély d'Aubrac Op"]
[Site "Saint Chély d'Aubrac"]
[Date "2004.07.19"]
[Round "3.24"]
[White "Laine, Patrice"]
[Black "Lagunes, Matthieu"]
[Result "1-0"]
[WhiteElo "2070"]
[BlackElo "1730"]
[PlyCount "81"]
[EventDate "2004.07.??"]

1. d4 d6 2. c4 g6 3. e4 Nf6 4. Nc3 Bg7 5. Be2 Nc6 6. f4 e5 7. fxe5 dxe5 8. d5
Nd4 9. Bg5 Qd6 10. Nf3 Nxe2 11. Qxe2 Nh5 12. O-O Nf4 13. Qe3 Qb4 14. Kh1 Qxb2
15. Nd2 O-O 16. Rfb1 Qa3 17. Rb3 Qd6 18. c5 Qd7 19. Nc4 Qg4 20. Qg3 Qxg3 21.
hxg3 Nh5 22. Nb5 c6 23. Nc7 cxd5 24. exd5 Rb8 25. Be7 e4 26. Re1 Bd7 27. Bxf8
Bxf8 28. c6 Bf5 29. Na6 Nxg3+ 30. Kh2 e3 31. Nxb8 Bh6 32. Kxg3 Bg5 33. Nxe3 Bc8
34. cxb7 Bxb7 35. Rxb7 f5 36. Nxf5 Bf4+ 37. Kxf4 g5+ 38. Kxg5 h6+ 39. Nxh6+ Kf8
40. Rc1 Ke8 41. Rc8# 1-0

[Event "Saint Chély d'Aubrac Op"]
[Site "Saint Chély d'Aubrac"]
[Date "2004.07.19"]
[Round "3.25"]
[White "Tholey, Jean-Paul"]
[Black "De Biasi, Robert"]
[Result "1-0"]
[WhiteElo "2057"]
[BlackElo "1690"]
[PlyCount "85"]
[EventDate "2004.07.??"]

1. d4 Nf6 2. c4 g6 3. Nc3 Bg7 4. e4 d6 5. f3 O-O 6. Be3 e5 7. Nge2 Nbd7 8. Qd2
b6 9. d5 Bb7 10. g4 c6 11. dxc6 Bxc6 12. Qxd6 Bb7 13. Ng3 Rc8 14. Be2 Rc6 15.
Qd2 Qb8 16. h4 h5 17. gxh5 Nxh5 18. Nxh5 gxh5 19. Qxd7 Rd8 20. Qf5 Rg6 21. Kf2
Rdd6 22. Rag1 Rdf6 23. Qxh5 Qd6 24. Rxg6 Rxg6 25. Rg1 Rxg1 26. Kxg1 Bc8 27. Qg5
Be6 28. h5 Kh7 29. Nd5 Bc8 30. Qe7 Qxe7 31. Nxe7 Bd7 32. b4 Bf8 33. Nd5 Be6 34.
c5 bxc5 35. bxc5 f5 36. c6 f4 37. Bxa7 Kh6 38. c7 Bd6 39. Bb6 Kxh5 40. a4 Kg6
41. a5 Kf7 42. a6 Bc8 43. a7 1-0

[Event "Saint Chély d'Aubrac Op"]
[Site "Saint Chély d'Aubrac"]
[Date "2004.07.19"]
[Round "3.27"]
[White "Corke, Anya"]
[Black "Alexiev, Ivan"]
[Result "1-0"]
[WhiteElo "2042"]
[BlackElo "1499"]
[PlyCount "93"]
[EventDate "2004.07.??"]

1. d4 Nf6 2. Bg5 g6 3. Bxf6 exf6 4. e4 Bg7 5. Nc3 O-O 6. Qd2 c6 7. O-O-O d5 8.
exd5 cxd5 9. h4 Nc6 10. h5 a6 11. Nf3 Bg4 12. Qf4 f5 13. Be2 Bxh5 14. Rxh5 gxh5
15. Rh1 Ne7 16. Bd3 Rc8 17. Rxh5 Ng6 18. Qxf5 Rxc3 19. bxc3 Qd6 20. g3 Qa3+ 21.
Kd2 b5 22. Qxd5 Rc8 23. Qb3 Qe7 24. Rf5 Rf8 25. Qd5 b4 26. c4 b3 27. axb3 Qb4+
28. c3 Qxb3 29. Ng5 Qa2+ 30. Bc2 Ne7 31. Qe4 Ng6 32. Rxf7 Qxc4 33. Rxg7+ Kxg7
34. Qb7+ Rf7 35. Qxf7+ Qxf7 36. Nxf7 Kxf7 37. c4 Nf8 38. Ke3 Kf6 39. Ke4 h6 40.
c5 Ne6 41. f4 a5 42. Bb3 Nd8 43. d5 Nb7 44. Kd4 Kf5 45. d6 Kg4 46. Kd5 Kxg3 47.
c6 1-0

[Event "Saint Chély d'Aubrac Op"]
[Site "Saint Chély d'Aubrac"]
[Date "2004.07.19"]
[Round "3.28"]
[White "Baudry, Alain"]
[Black "Desboeufs, Alexandre"]
[Result "1-0"]
[WhiteElo "1710"]
[BlackElo "2010"]
[PlyCount "85"]
[EventDate "2004.07.??"]

1. d4 e6 2. c4 c5 3. d5 Nf6 4. Nc3 exd5 5. cxd5 d6 6. Nf3 g6 7. e4 Bg7 8. Bg5
O-O 9. Qd2 Re8 10. Bd3 Bg4 11. Nh4 a6 12. O-O b5 13. a3 Bc8 14. Rae1 Nbd7 15.
f4 h6 16. Bxf6 Nxf6 17. Nf3 b4 18. axb4 cxb4 19. Na4 a5 20. b3 Bd7 21. Kh1 Bxa4
22. bxa4 Rc8 23. Re2 Qb6 24. h3 Rc3 25. Rc1 Nh5 26. Kh2 Rec8 27. Rxc3 Rxc3 28.
e5 dxe5 29. fxe5 Qb8 30. g3 Qd8 31. d6 Bf8 32. Re3 Qd7 33. Bb5 Qf5 34. Rxc3
bxc3 35. Qxc3 Qe4 36. d7 Qd5 37. Kg2 Qa2+ 38. Qd2 Qxd2+ 39. Nxd2 Be7 40. Nc4
Bd8 41. Nd6 Ng7 42. Nb7 Ne6 43. Bc4 1-0

[Event "Saint Chély d'Aubrac Op"]
[Site "Saint Chély d'Aubrac"]
[Date "2004.07.19"]
[Round "3.29"]
[White "Landwerlin, Pascal"]
[Black "De Lagontrie, Jean"]
[Result "0-1"]
[WhiteElo "1499"]
[BlackElo "1968"]
[PlyCount "78"]
[EventDate "2004.07.??"]

1. e4 e6 2. d4 d5 3. Nd2 Nf6 4. e5 Nfd7 5. Nb3 c5 6. c3 Nc6 7. f4 cxd4 8. cxd4
Qb6 9. Be3 Bb4+ 10. Kf2 a5 11. a4 O-O 12. Bd3 f5 13. g4 g6 14. gxf5 exf5 15.
Ne2 Be7 16. Bd2 Nb4 17. Bb5 Rd8 18. Bxb4 Bxb4 19. h4 Nf8 20. h5 Bd7 21. Bd3 Be8
22. hxg6 Bxg6 23. Ng3 Qe6 24. Rh6 Qf7 25. Qg1 Kh8 26. Ke3 Be7 27. Qh2 Rdc8 28.
Qh3 Bg5 29. fxg5 f4+ 30. Kd2 Bxd3 31. Kxd3 fxg3 32. Rf6 Qg7 33. Qxg3 Rc4 34.
Nd2 Rb4 35. b3 Re8 36. Raf1 Ne6 37. g6 Rxd4+ 38. Kc3 Rb4 39. Rh1 Nc5 $138 0-1

[Event "Saint Chély d'Aubrac Op"]
[Site "Saint Chély d'Aubrac"]
[Date "2004.07.19"]
[Round "3.30"]
[White "Rivier, Sylvain"]
[Black "Lengert, Martin"]
[Result "1/2-1/2"]
[WhiteElo "1460"]
[BlackElo "1810"]
[PlyCount "101"]
[EventDate "2004.07.??"]

1. e4 e6 2. d4 d5 3. e5 c5 4. c3 Nc6 5. Nf3 Qb6 6. Bd3 Bd7 7. Bc2 cxd4 8. cxd4
f6 9. O-O fxe5 10. dxe5 Bc5 11. Nc3 Qc7 12. Bf4 Nge7 13. Nb5 Qb6 14. Nd6+ Bxd6
15. exd6 Nc8 16. Ng5 g6 17. h4 (17. Nxh7) 17... Nb4 18. Ba4 Nxd6 19. Bxd7+ Kxd7
20. Bxd6 Qxd6 21. Nf7 Qe7 22. Nxh8 Rxh8 23. Qd4 Ra8 24. Rac1 Nc6 25. Qf4 Rf8 {
(=)} 26. Qg5 Qg7 27. b3 Nd4 28. Qe3 Nc6 29. Rfe1 Qf6 30. Qg3 Re8 31. Re2 Qf5
32. Qe3 Qf6 33. Qg5 Qf7 34. Rce1 Nd4 35. Rd2 Nc6 36. Qg4 Kc7 37. Qg3+ Kd7 38.
Re3 Qf6 39. Rf3 Qg7 40. Qf4 Re7 41. Qg4 Qa1+ 42. Kh2 Qe5+ 43. Qf4 Qg7 {(=)} 44.
Re3 Rf7 45. Qg3 Rf8 46. Qg4 Rf5 47. Rf3 Re5 48. Re3 Rf5 49. Qg3 Rf8 50. Qg4 Rf5
51. Rf3 {(=)} 1/2-1/2

[Event "Saint Chély d'Aubrac Op"]
[Site "Saint Chély d'Aubrac"]
[Date "2004.07.19"]
[Round "3.32"]
[White "Nass, Emile"]
[Black "Carabetta, Gaetan"]
[Result "1-0"]
[WhiteElo "2008"]
[BlackElo "1300"]
[PlyCount "59"]
[EventDate "2004.07.??"]

1. d4 Nf6 2. Nf3 g6 3. c4 d5 4. cxd5 Nxd5 5. e4 Nf6 6. Nc3 Bg4 7. Be3 Bg7 8.
Qb3 b6 9. Bc4 O-O 10. Ne5 e6 11. f3 Nbd7 12. Nc6 Qe8 13. fxg4 Nxg4 14. Nb5 Rc8
15. Ncxa7 Rd8 16. Nxc7 Qe7 17. O-O-O Ndf6 18. Nab5 Nxe4 19. Rhe1 Nxh2 20. Bf4
Nf2 21. Bxh2 Nxd1 22. Rxd1 Bh6+ 23. Kb1 Qg5 24. Qg3 Qf5+ 25. Qd3 Qg4 {(=)} 26.
Bd6 Qxg2 27. Bxf8 Rxf8 28. d5 exd5 29. Nxd5 Rd8 30. Ne7+ 1-0

[Event "Saint Chély d'Aubrac Op"]
[Site "Saint Chély d'Aubrac"]
[Date "2004.07.19"]
[Round "3.33"]
[White "Sidibe, Malika"]
[Black "Bou, Georges"]
[Result "1-0"]
[WhiteElo "1820"]
[BlackElo "1570"]
[PlyCount "59"]
[EventDate "2004.07.??"]

1. e4 e5 2. Nf3 Nc6 3. d4 exd4 4. Nxd4 Bc5 5. Be3 Qf6 6. c3 Nge7 7. Bc4 Ne5 8.
Bb3 Qg6 9. O-O a6 10. Nd2 Ba7 11. N4f3 Nxf3+ 12. Qxf3 d6 13. Bxa7 Rxa7 14. Rfe1
Nc6 15. Nc4 b5 16. e5 bxc4 17. Qxc6+ Kd8 18. Qxc4 Be6 19. Qh4+ Kc8 20. exd6
cxd6 21. Bxe6+ fxe6 22. Qc4+ Kd7 23. Rad1 Rc8 24. Qd4 Rcc7 25. Qxd6+ Kc8 26.
Rxe6 Qc2 27. Re8+ Kb7 28. Qd5+ Rc6 29. Re7+ Kb6 30. Qd4+ 1-0

[Event "Saint Chély d'Aubrac Op"]
[Site "Saint Chély d'Aubrac"]
[Date "2004.07.19"]
[Round "3.34"]
[White "Gazel, Bruno"]
[Black "Paci, Romain"]
[Result "0-1"]
[WhiteElo "1520"]
[BlackElo "1700"]
[PlyCount "74"]
[EventDate "2004.07.??"]

1. e4 e5 2. Nf3 Nc6 3. d4 exd4 4. Nxd4 Qh4 5. Nc3 Bb4 6. Be2 Qxe4 7. Nxc6 Bxc3+
8. bxc3 dxc6 9. O-O Qd5 10. Bf4 Nf6 11. Bf3 Qxd1 12. Raxd1 Be6 13. Rfe1 Rd8 14.
Bxc7 Rxd1 15. Rxd1 Bd5 16. Bxd5 Nxd5 17. Be5 f6 18. Bd4 b6 19. Rd3 Kf7 20. g3
Re8 21. Kf1 Ke6 22. a3 c5 23. c4 cxd4 24. cxd5+ Kxd5 25. c3 Kc4 26. Rxd4+ Kxc3
27. Rd7 a5 28. Rxg7 a4 29. h4 Kb3 30. Rxh7 Kxa3 31. Rb7 Re6 32. g4 Kb2 33. Rd7
a3 34. Rd2+ Kc3 35. Ra2 Kb3 36. Rd2 a2 37. Rd3+ Kc2 0-1

[Event "Saint Chély d'Aubrac Op"]
[Site "Saint Chély d'Aubrac"]
[Date "2004.07.19"]
[Round "3.35"]
[White "Desboeufs, Claude"]
[Black "Ruetsch, Johan"]
[Result "1/2-1/2"]
[WhiteElo "1699"]
[BlackElo "1430"]
[PlyCount "78"]
[EventDate "2004.07.??"]

1. c4 c5 2. Nc3 Nc6 3. Nf3 Nf6 4. g3 e5 5. Bg2 Bd6 6. O-O O-O 7. d3 b6 8. e4
Nd4 9. Nxd4 cxd4 10. Ne2 Bb7 11. f4 Ng4 12. f5 f6 13. h3 Ne3 14. Bxe3 dxe3 15.
a3 a5 16. Kh2 Qe7 17. Ng1 Bc5 18. Qe2 Bd4 19. Rab1 Bc6 20. Bf3 b5 21. cxb5 Bxb5
22. Bh5 Qd6 23. h4 Qa6 24. Rfd1 Rac8 25. g4 h6 26. Nh3 Ba4 27. b3 Bb5 28. a4
Bc6 29. g5 hxg5 30. hxg5 fxg5 31. Nxg5 d5 32. Bg6 dxe4 33. Qh5 Rfd8 34. Qh7+ $4
(34. Bh7+ Kh8 (34... Kf8 35. Qf7#) 35. Nf7#) 34... Kf8 35. Ne6+ Ke7 36. Qxg7+
Kd6 37. Nxd8 Rxd8 38. Qf6+ Kc7 39. Rbc1 e2 1/2-1/2

[Event "Saint Chély d'Aubrac Op"]
[Site "Saint Chély d'Aubrac"]
[Date "2004.07.19"]
[Round "3.36"]
[White "Capron, Michel"]
[Black "Lengert, Vincent"]
[Result "0-1"]
[WhiteElo "1400"]
[BlackElo "1690"]
[PlyCount "42"]
[EventDate "2004.07.??"]

1. e4 e5 2. Nf3 Nc6 3. Bc4 Bc5 4. d3 h6 5. Nc3 Nf6 6. Be3 Bxe3 7. fxe3 Ng4 8.
Qe2 Nb4 9. a3 Na6 10. h3 Nf6 11. O-O d6 12. Qf2 Qe7 13. Nh4 Nc5 14. Nd5 Nxd5
15. Bxd5 Be6 16. Qg3 O-O-O 17. Qxg7 Qxh4 18. Bxe6+ Nxe6 19. Qxf7 Ng5 20. Qf6
Nxh3+ 21. gxh3 Rhg8+ 0-1

[Event "Saint Chély d'Aubrac Op"]
[Site "Saint Chély d'Aubrac"]
[Date "2004.07.19"]
[Round "3.39"]
[White "Pierre, Alexis"]
[Black "Trzesniower, Jacques"]
[Result "1/2-1/2"]
[WhiteElo "1580"]
[BlackElo "1390"]
[PlyCount "131"]
[EventDate "2004.07.??"]

1. d4 Nf6 2. c4 c5 3. dxc5 Qa5+ 4. Nc3 Qxc5 5. e3 g6 6. b3 Bg7 7. Bb2 O-O 8.
Nf3 d6 9. Be2 b6 10. O-O Bb7 11. Qd2 Nbd7 12. Rac1 Rac8 13. Rfd1 a6 14. Qd4
Qxd4 15. exd4 Rfe8 16. d5 Nc5 17. b4 Ncd7 18. Nd4 Ne5 19. Nb1 Rc7 20. Rd2 Bh6
21. Rdc2 Bxc1 22. Rxc1 Rec8 23. Nd2 b5 24. c5 dxc5 25. bxc5 Rxc5 26. Rxc5 Rxc5
27. Nxb5 Rxd5 28. Nd4 Nc6 29. N2f3 Ra5 30. Nxc6 Bxc6 31. Ne5 Bb5 32. Bxb5 Rxb5
33. Nc4 Ne4 34. Kf1 Nd2+ 35. Nxd2 Rxb2 36. Nf3 Rxa2 37. Nd4 Kf8 38. Nc6 Rb2 39.
Ke1 Rb6 40. Na5 Rb5 41. Nc4 a5 42. Kd2 a4 43. Kc2 Rc5 44. Kd3 Rd5+ 45. Kc3 Rd7
46. Kb4 Rc7 47. Na3 Ra7 48. h3 Ke8 49. f3 e5 50. g3 Ke7 51. h4 Kd6 52. Nb5+ Kd5
53. Nxa7 f5 54. Kxa4 e4 55. fxe4+ fxe4 56. Kb3 Kd4 57. Kc2 Ke3 58. Nb5 Kf2 59.
Kd2 Kxg3 60. Ke3 Kxh4 61. Kxe4 g5 62. Kf3 h5 63. Kg2 g4 64. Nc3 Kg5 65. Ne2 h4
66. Kh2 1/2-1/2

[Event "Saint Chély d'Aubrac Op"]
[Site "Saint Chély d'Aubrac"]
[Date "2004.07.19"]
[Round "4.1"]
[White "Mrdja, Milan"]
[Black "Sokolov, Andrei"]
[Result "1/2-1/2"]
[WhiteElo "2432"]
[BlackElo "2583"]
[PlyCount "23"]
[EventDate "2004.07.??"]

1. e4 c5 2. Nf3 e6 3. d4 cxd4 4. Nxd4 Nc6 5. Nc3 d6 6. g4 a6 7. Be3 Nge7 8. Nb3
b5 9. a3 Ng6 10. g5 Be7 11. h4 h6 12. gxh6 1/2-1/2

[Event "Saint Chély d'Aubrac Op"]
[Site "Saint Chély d'Aubrac"]
[Date "2004.07.19"]
[Round "4.2"]
[White "Apicella, Manuel"]
[Black "Voiska, Margarita"]
[Result "1-0"]
[WhiteElo "2532"]
[BlackElo "2387"]
[PlyCount "51"]
[EventDate "2004.07.??"]

1. e4 d6 2. d4 Nf6 3. Nc3 e5 4. Nf3 Nbd7 5. Bc4 Be7 6. O-O O-O 7. a4 c6 8. dxe5
Nxe5 9. Nxe5 dxe5 10. Qf3 Qc7 11. h3 Kh8 12. Ne2 Ng8 13. Ng3 g6 14. b3 a5 15.
Bb2 f6 16. Rad1 Bd7 17. h4 Rad8 18. h5 Bc8 19. hxg6 hxg6 20. Nf5 Bc5 21. Nh4
Ne7 22. Rxd8 Qxd8 23. Qg3 g5 24. Bc1 Qd7 25. Bxg5 Qg4 26. Qh2 1-0

[Event "Saint Chély d'Aubrac Op"]
[Site "Saint Chély d'Aubrac"]
[Date "2004.07.19"]
[Round "4.3"]
[White "Collas, Didier"]
[Black "Meijers, Viesturs"]
[Result "1/2-1/2"]
[WhiteElo "2422"]
[BlackElo "2477"]
[PlyCount "123"]
[EventDate "2004.07.??"]

1. Nf3 Nf6 2. c4 e6 3. Nc3 d5 4. d4 Be7 5. Bg5 O-O 6. e3 Nbd7 7. Rc1 b6 8. cxd5
exd5 9. Qa4 c5 10. Bb5 Bb7 11. O-O a6 12. Bxd7 Nxd7 13. Bxe7 Qxe7 14. Qa3 Rfc8
15. Na4 Rc7 16. dxc5 bxc5 17. Rc2 h6 18. Rfc1 Rac8 19. h3 Qf8 20. Nd4 g6 21.
Ne2 c4 22. Qxf8+ Kxf8 23. Rd2 Bc6 24. Nac3 Nf6 25. Nf4 {(=)} 25... Rb7 26. Rcc2
Rd8 27. Rd4 g5 28. Nfe2 Rdb8 29. Rdd2 Ke8 30. Nd4 Bd7 31. f3 Be6 32. b3 Rc8 33.
Nd1 Nd7 34. Rc3 Nb6 35. Kf2 Rbc7 36. Rdc2 Kd8 37. Ke2 Bd7 38. Kd2 Ke7 39. Rc1
Kd6 40. Nf2 h5 41. g3 f6 42. Rh1 a5 43. h4 gxh4 44. Rxh4 cxb3 45. Rxc7 bxa2 46.
Rxd7+ Kxd7 47. Rh1 Nc4+ 48. Kd3 Rb8 49. Ra1 Rb2 50. Nh3 a4 51. Nf4 Rb3+ 52. Kc2
Nxe3+ 53. Kc1 Rb4 54. Nde2 Nf1 55. Nxd5 Rb1+ 56. Rxb1 axb1=Q+ 57. Kxb1 Nd2+ {
(=)} 58. Ka2 Nxf3 59. Nxf6+ Ke6 60. Nxh5 Kf5 61. Ka3 Ng5 62. Kxa4 {(=)} 1/2-1/2

[Event "Saint Chély d'Aubrac Op"]
[Site "Saint Chély d'Aubrac"]
[Date "2004.07.19"]
[Round "4.4"]
[White "Riff, Jean-Noel"]
[Black "Gaponenko, Inna"]
[Result "1/2-1/2"]
[WhiteElo "2401"]
[BlackElo "2448"]
[PlyCount "28"]
[EventDate "2004.07.??"]

1. e4 c5 2. Nc3 a6 3. Nf3 e6 4. d4 cxd4 5. Nxd4 Qc7 6. Bd3 b5 7. O-O Bb7 8. Qe2
Nf6 9. Bd2 b4 10. Na4 Nc6 11. Nf3 Bd6 12. h3 h5 13. Be3 Ng4 14. Nb6 Rb8 {(=)}
1/2-1/2

[Event "Saint Chély d'Aubrac Op"]
[Site "Saint Chély d'Aubrac"]
[Date "2004.07.19"]
[Round "4.5"]
[White "Popchev, Milko"]
[Black "Larand, Manuel"]
[Result "1-0"]
[WhiteElo "2449"]
[BlackElo "2060"]
[PlyCount "79"]
[EventDate "2004.07.??"]

1. e4 d6 2. d4 Nf6 3. Nc3 g6 4. g3 Bg7 5. Bg2 O-O 6. Nge2 e5 7. O-O c6 8. a4 a5
9. h3 Na6 10. Be3 Nb4 11. f4 exd4 12. Bxd4 Re8 13. Qd2 d5 14. e5 Ne4 15. Nxe4
dxe4 16. Rad1 f5 17. c3 Nd3 18. Nc1 Nxc1 19. Qxc1 Be6 20. Bc5 Qc7 21. Qe3 Qf7
22. Rd4 Bb3 23. Rf2 Red8 24. Rfd2 Rxd4 25. Qxd4 Bf8 26. Bf1 Bd5 27. c4 Be6 28.
b3 Be7 29. Bd6 Rc8 30. Qa7 Bd8 31. Bc5 Qc7 32. Rd6 Kf7 33. Be3 c5 34. Bxc5
Qxc5+ 35. Qxc5 Rxc5 36. Rxd8 Rc6 37. Be2 Rb6 38. Bd1 h5 39. Kf2 Ke7 40. Ra8 1-0

[Event "Saint Chély d'Aubrac Op"]
[Site "Saint Chély d'Aubrac"]
[Date "2004.07.19"]
[Round "4.6"]
[White "Seret, Jean-Luc"]
[Black "Collas, Silvia"]
[Result "0-1"]
[WhiteElo "2351"]
[BlackElo "2344"]
[PlyCount "80"]
[EventDate "2004.07.??"]

1. Nf3 c5 2. g3 b6 3. Bg2 Bb7 4. O-O g6 5. d3 Bg7 6. a3 Nc6 7. c4 e5 8. Nc3
Nge7 9. Ne1 h6 10. Rb1 d6 11. b4 Qd7 12. Qa4 f5 13. Nc2 Nd8 14. Qxd7+ Kxd7 15.
Bxb7 Nxb7 16. Bd2 f4 17. Ne4 g5 18. Kg2 Rac8 19. Rfc1 Ke6 20. a4 d5 21. cxd5+
Nxd5 22. a5 c4 23. a6 Nd6 24. Nxd6 Kxd6 25. Na3 cxd3 26. Nb5+ Kd7 27. exd3 g4
28. f3 h5 29. Rc4 fxg3 30. fxg4 gxh2 31. g5 Rhf8 32. Rh1 e4 33. Rxh2 e3 34. Be1
Nf4+ 35. Rxf4 Rxf4 36. Rxh5 Rc1 37. Bg3 Rg4 38. Rh7 Rxg3+ 39. Kxg3 e2 40. Rxg7+
Kd8 0-1

[Event "Saint Chély d'Aubrac Op"]
[Site "Saint Chély d'Aubrac"]
[Date "2004.07.19"]
[Round "4.7"]
[White "Birens, Eric-Andre"]
[Black "Santo-Roman, Marc"]
[Result "0-1"]
[WhiteElo "2105"]
[BlackElo "2403"]
[PlyCount "106"]
[EventDate "2004.07.??"]

1. d4 f5 2. Bg5 g6 3. e3 Bg7 4. h4 h6 5. Bf4 d6 6. Nc3 c6 7. Bd3 e5 8. dxe5
dxe5 9. Bg3 Be6 10. Nge2 Nd7 11. f3 Ngf6 12. Qd2 O-O 13. Bf2 Qe7 14. Ng3 Nc5
15. Qe2 b5 16. a3 e4 17. fxe4 fxe4 18. Ngxe4 Nfxe4 19. Nxe4 Bxb2 20. Rd1 Nxd3+
21. cxd3 Qxa3 22. O-O Bg7 23. Nd2 Qd6 24. Ne4 Qe7 25. Qc2 Rac8 26. Nc5 Bf7 27.
d4 a5 28. e4 g5 29. hxg5 Qxg5 30. Rd3 Bc4 31. Rg3 Qe7 32. Re1 Rf7 33. e5 Rcf8
34. Ne4 Kh8 35. Rg6 Qa3 36. Qd2 Kh7 37. Rg3 Qa2 38. Qe3 Bd5 39. Rxg7+ Kxg7 40.
Qg3+ Kh8 41. Nf6 Rg7 42. Qh3 Rxg2+ 43. Qxg2 Bxg2 44. Kxg2 Qe6 45. Bg3 a4 46.
Bh4 a3 47. Kf3 a2 48. Ke4 Qh3 49. Bf2 Rxf6 50. exf6 Qe6+ 51. Kd3 Qxe1 52. Bxe1
a1=Q 53. f7 Kg7 0-1

[Event "Saint Chély d'Aubrac Op"]
[Site "Saint Chély d'Aubrac"]
[Date "2004.07.19"]
[Round "4.8"]
[White "Crut, Aurelien"]
[Black "Rabineau, Clement"]
[Result "1-0"]
[WhiteElo "2355"]
[BlackElo "2135"]
[PlyCount "95"]
[EventDate "2004.07.??"]

1. e4 c5 2. Nf3 e6 3. c3 Nf6 4. e5 Nd5 5. d4 cxd4 6. cxd4 d6 7. Bc4 Nb6 8. Bd3
Nc6 9. O-O Bd7 10. a3 a5 11. Nc3 a4 12. Bg5 Qb8 13. Re1 h6 14. Be3 d5 15. Nd2
Na5 16. Rc1 Nbc4 17. Nxc4 Nxc4 18. Bxc4 dxc4 19. d5 Qxe5 {(=)} 20. Bd4 Qg5 21.
Qf3 Be7 22. dxe6 Bxe6 23. h4 Qxh4 24. Bxg7 Rg8 25. Qxb7 Rd8 26. Qb5+ Rd7 {(=)}
27. Be5 Qg5 28. Bg3 Qxb5 29. Nxb5 Rb7 30. Nc7+ Kf8 31. Nxe6+ fxe6 32. Rxc4 Rxb2
33. Rxa4 Kf7 34. Ra6 Rg6 35. Re3 Ra2 36. Rf3+ Rf6 37. Rxf6+ Bxf6 38. a4 Kg6 39.
Rxe6 Rxa4 40. Be5 Kf5 41. Rxf6+ Kxe5 42. Rxh6 Kf5 43. g3 Kg5 44. Rc6 Ra3 45.
Kg2 Kg4 46. Rc4+ Kg5 47. Rc5+ Kg4 48. f3+ 1-0

[Event "Saint Chély d'Aubrac Op"]
[Site "Saint Chély d'Aubrac"]
[Date "2004.07.19"]
[Round "4.9"]
[White "Hennemann, Xavier"]
[Black "Todorov, Ognjan"]
[Result "1/2-1/2"]
[WhiteElo "2104"]
[BlackElo "2349"]
[PlyCount "87"]
[EventDate "2004.07.??"]

1. e4 e6 2. d4 c5 3. Nf3 cxd4 4. Nxd4 a6 5. Nc3 Qc7 6. Bd3 Nf6 7. O-O Bc5 8.
Nb3 Be7 9. f4 d6 10. Be3 b5 11. Qf3 Bb7 12. a3 Nbd7 13. Rae1 O-O 14. Qh3 e5 15.
Kh1 Rfe8 16. Rf3 d5 17. exd5 e4 18. Nxe4 Bxd5 19. Nxf6+ Nxf6 20. Rff1 Rad8 21.
Nd4 Bc5 22. c3 h6 23. Re2 Bc4 24. Bxc4 bxc4 25. Qf3 Re4 26. g3 Qd7 27. Rfe1 Rb8
28. Bg1 Rxe2 29. Rxe2 Rb6 30. Qg2 Qa4 31. Nf3 Bxg1 32. Qxg1 Rd6 33. Nd4 Qd7 34.
Qe3 Rb6 35. Qf3 Kh7 36. Kg2 Qc8 37. h3 Qb8 38. Qf2 Qb7+ 39. Kh2 Ne4 40. Qg2 Nc5
41. Qxb7 Rxb7 42. Nc6 Na4 43. Na5 Rxb2 44. Rxb2 1/2-1/2